Países com Melhores Jogadores de Xadrez - Statistics

Estatísticas Gerais
  • Esse quiz foi jogado 3 817 vezes
  • A pontuação média é 8 de 12
Estatísticas das Respostas
# País % Correto
9 Estados Unidos
98%
24 Rússia
93%
9 China
92%
3 França
84%
3 Alemanha
81%
3 Espanha
72%
4 Índia
72%
5 Reino Unido
72%
7 Ucrânia
51%
4 Hungria
24%
4 Armênia
18%
4 Azerbaijão
14%
Nenhum quiz correspondente encontrado
Distribuição das Pontuações
Porcentagem de Pessoas com Cada Pontuação
Percentil de Números Respondidos
Sua Pontuação Histórica
Você não jogou esse quiz